Poradnictwo kulturalnojęzykowe w internecie
| Titel: | Poradnictwo kulturalnojęzykowe w internecie : Sprawozdanie z działalności Poradni Językowej IFP UWr |
|---|---|
| Verfasser: | |
| In: |
Wrocławskie Towarzystwo Naukowe. Komisja Językowa: Rozprawy Komisji Językowej, Band 33 (2006), Seite 69-74 alle Artikel anzeigen |
| Veröffentlicht: | 2006 |
| Format: | Aufsatz |
| Sprache: | Polnisch |
X
alg: 39457151 001A $01999:12-11-16 001B $01999:30-05-21 $t14:35:53.000 001C $06050:19-11-16 $t08:50:35.000 001D $01999:12-11-16 001U $0utf8 001X $00 002@ $0Aox 003@ $0394571517 007A $0394571517 $aHEB 007T $0Herdww038016 010@ $apol 011@ $a2006 021A $aPoradnictwo kulturalnojęzykowe w internecie $dSprawozdanie z działalności Poradni Językowej IFP UWr 027A $aKultur-sprachliche Beratung im Internet. Tätigkeitsbericht der Sprachberatung des Instituts für Polnische Philologie an der Breslauer Universität 028A $aPiekot $dTomasz 031A $d33 $h69-74 $j2006 037A $aIFP UWr. = Institut für Polnische Philologie der Universität Breslau 037A $aIFP UWr. = Instytut Filologii Polskiej Uniwersytetu Wrocławskiego039B $aIn $8--Abvc--Wrocławskie Towarzystwo Naukowe$bKomisja Językowa [Tb1]. Rozprawy Komisji Językowej. - Wrocław {[u.a.] : Państw. Wydawn. Naukowe, 1959-2015. - ISSN 0084-2990 $x200600000330000931 $9047286199 045F $a307.094385 $eDDC23BSB 045F/01 $a307.09 045F/03 $g4385 045T $a7,11 $a7,39 045T $aLING $qDE-30 $2FID 046C $aKultur-sprachliche Beratung im Internet. Tätigkeitsbericht der Sprachberatung des Instituts für Polnische Philologie an der Breslauer Universität $bÜbers. des Hauptsacht. lok: 39457151 78 exp: 39457151 78 1 #EPN 201B/01 $020-11-17 $t23:23:16.000 201U/01 $0utf8 203@/01 $0790681943 208@/01 $a12-11-16 $be 209A/01 $a/ $f000 $x00 220C/01 $aTitelaufnehmer: AH 220C/01 $aHerkunft: IH UWr 244Z/01 $2Trx $#Silesia $#Śląsk $#Sliezsko $#Slezsko $8--Trx--Schlesien $x01 $9391173987 244Z/01 $#Breslau $#Wrocław $#Wrotizla $#Breßlau $#Breßlaw $#Vroclav $#Vratislav $#Vratislavia $#Vratislauiae $#Bresslau $#Wratislavia $#Brassel $#Bresla $#Wratislava $#Smirna $#Breslavia $#Wroclaw $74008216-7 $8--Tg1--Breslau $x02 $9085014184 244Z/01 $aGeschichte 1973-2006 $x03 244Z/01 $2Trx $8--Trx--Miodek, Jan$Z1946- $x04 $9390844985 244Z/01 $2Trx $#kasvatus $#auklėjimas $#Upbringing $#nevelés $#wychowanie $#výchova $#výchova $8--Trx--Erziehung $x05 $9391364669 244Z/01 $2Trx $#keeleteadus $#kalbotyra $#Linguistics $#nyelvtudomány $#językoznawstwo $#jazykoveda $#jazykověda $#Linguistik $#lingvistika $8--Trx--Sprachwissenschaft $x06 $939137124X 244Z/01 $2Trx $8--Trx--Zeitschriftenaufsatz $x07 $9391384341 245Z/01 $a13.03 $x01 245Z/01 $a11.07 $x02 247C/01 $82080>Marburg/Lahn, Herder-Institut, Forschungsbibliothek, Bibliographieportal $9336309341
| LEADER | 00000caa a22000002c 4500 | ||
|---|---|---|---|
| 001 | 394571517 | ||
| 003 | DE-603 | ||
| 005 | 20210530143553.0 | ||
| 007 | tu | ||
| 008 | 161112s2006 xx |||| | u00||u|pol c | ||
| 035 | |a (DE-599)HEB394571517 | ||
| 040 | |a DE-603 |b ger |c DE-603 |d DE-603 | ||
| 041 | |a pol | ||
| 082 | 0 | 4 | |8 1\u |a 307.094385 |q DE-101 |2 23/BSB |
| 084 | |a 7,11 |a 7,39 |2 ssgn | ||
| 084 | |a LING |q DE-30 |2 fid | ||
| 085 | |8 1\u |b 307.09 | ||
| 085 | |8 1\u |z 2 |s 4385 | ||
| 100 | 1 | |a Piekot, Tomasz | |
| 245 | 0 | 0 | |a Poradnictwo kulturalnojęzykowe w internecie |b Sprawozdanie z działalności Poradni Językowej IFP UWr |
| 246 | 1 | |i Übers. des Hauptsacht. |a Kultur-sprachliche Beratung im Internet. Tätigkeitsbericht der Sprachberatung des Instituts für Polnische Philologie an der Breslauer Universität | |
| 246 | 1 | 3 | |a Kultur-sprachliche Beratung im Internet. Tätigkeitsbericht der Sprachberatung des Instituts für Polnische Philologie an der Breslauer Universität |
| 264 | 0 | |c 2006 | |
| 500 | |a IFP UWr. = Institut für Polnische Philologie der Universität Breslau | ||
| 500 | |a IFP UWr. = Instytut Filologii Polskiej Uniwersytetu Wrocławskiego <pol> | ||
| 773 | 0 | 8 | |i In |a Wrocławskie Towarzystwo Naukowe. Komisja Językowa |t Rozprawy Komisji Językowej |d Wrocław [u.a.] : Państw. Wydawn. Naukowe, 1959-2015 |x 0084-2990 |g Band 33 (2006), Seite 69-74 |w (DE-603)047286199 |w (DE-600)205639-2 |
| 924 | 0 | |9 2080 |a (DE-603)790681943 |b DE-2080 |c HES |d d |g / | |


